Issues in recent Malaysian economic growte

Bibliographic Details
Other Authors: Sulaiman Mahbob (edited by)
Format: Book
Published: Kuala Lumpur : Arena Ilmu , 1992
Subjects:

MARC

LEADER 00000cam a2200000 7i4500
001 0000005036
002 000005427
005 20081105.0
020 |a T000000438 
090 0 0 |a 330.9595   |b 155 
245 0 0 |a Issues in recent Malaysian economic growte   |c edited by Sulaiman Mahbob 
260 |a Kuala Lumpur :   |b Arena Ilmu ,   |c 1992 
300 |a 134p. ;   |c 20cm. 
650 0 0 |a Economics   |z Malaysia   |a Vision 2020   |z Malaysia 
651 0 |a Malaysia   |x Economic development 
700 0 |a Sulaiman Mahbob ,   |e edited by 
999 |a 033584   |b BUKU   |c PINJAMAN   |e PERPUSTAKAAN KOMUNITI PETALING JAYA